书目信息 |
| 题名: |
简明世界史
|
|
| 作者: | 朱汉国 著 | |
| 分册: | 第四卷 | |
| 出版信息: | 北京 北京教育出版社 2004.01 |
|
| 页数: | 90页 | |
| 开本: | 24cm | |
| 丛书名: | ||
| 单 册: | ||
| 中图分类: | K109 | |
| 科图分类: | ||
| 主题词: | ||
| 电子资源: | ||
| ISBN: | 7-5303-3152-3 | |
| 000 | 00777 nam 000229 | |
| 001 | 0100010275 | |
| 005 | 20100803165843.46 | |
| 010 | @a7-5303-3152-3@dCNY17.00 | |
| 100 | @a20100801d2003 em y0chiy0121 ea | |
| 101 | @achi | |
| 102 | @aCN@b110000 | |
| 105 | @ay z 000yy | |
| 200 | 10 | @a简明世界史@Ajian ming shi jie shi@e彩图版@h第四卷@f朱汉国著@Fzhu han guo zhu |
| 210 | @a北京@c北京教育出版社@d2004.01 | |
| 215 | @a90页@d24cm | |
| 330 | @a本书结合少年儿童的阅读特点、以全彩图的形式、系统地介绍世界发展的历史,从史前时期与上古文明开始、直到现代社会全面阐述世界的自然、文明、政治、科技等的历史。 | |
| 540 | @a简明世界史 | |
| 690 | @aK109@v4 | |
| 701 | 0 | @a朱汉国@Azhu han guo@4著 |
| 801 | @aCN@bDYGS@c20100803 | |
| 901 | @a210902 | |
| 905 | @b971534-8@dK109@eZ842:4@f5 | |
| 简明世界史:彩图版.第四卷/朱汉国著.-北京:北京教育出版社,2004.01 |
| 90页;24cm |
| ISBN 7-5303-3152-3:CNY17.00 |
| 本书结合少年儿童的阅读特点、以全彩图的形式、系统地介绍世界发展的历史,从史前时期与上古文明开始、直到现代社会全面阐述世界的自然、文明、政治、科技等的历史。 |
| ● |
| 相关链接 |
|
|
|
正题名:简明世界史
索取号:K109/Z842:4
 
预约/预借
| 序号 | 登录号 | 条形码 | 馆藏地/架位号 | 状态 | 备注 |
| 1 | 971534 | 209715343 | 社科库309/309社科库 104排4列3层/ [索取号:K109/Z842:4] | 在馆 | |
| 2 | 971535 | 209715352 | 自科二线404/400A自科库 50排1列5层/ [索取号:K109/Z842:4] | 在馆 | |
| 3 | 971536 | 209715361 | 自科二线404/400A自科库 50排1列5层/ [索取号:K109/Z842:4] | 在馆 | |
| 4 | 971537 | 209715370 | 自科二线404/400A自科库 50排1列5层/ [索取号:K109/Z842:4] | 在馆 | |
| 5 | 971538 | 209715389 | 社科库309/309社科库 104排4列3层/ [索取号:K109/Z842:4] | 在馆 |